000 00620nam a2200229 i 4500
001 4603115
005 20180222070135.0
008 760916s1976 onc b 001 0 eng
010 _a 76368722
015 _aC***
020 _a077108076X :
_c$4.95
040 _aDLC
_cDLC
_dDLC
041 _aeng
080 _a338.9 SHET
082 0 0 _a338.9 SHET
100 1 _a52
101 _aEKO
245 1 0 _aIn search of a third way :
_cTom Settle.
504 _aBibliography: p. 190-200.
906 _a7
_bcbc
_corignew
_du
_encip
_f19
_gy-gencatlg
942 _2ddc
_cBK
999 _c43181
_d43181